[Event "Mersin op 7th"]
[Site "Mersin"]
[Date "2023.11.15"]
[Round "5"]
[White "Aliyev, Ravan"]
[Black "Mamatov, Melis"]
[Result "0-1"]
[WhiteElo "2327"]
[BlackElo "2370"]
[PlyCount "200"]
[EventDate "2023.11.12"]
[EventType "swiss"]
[EventRounds "9"]
[EventCountry "TUR"]
[SourceTitle "CB47_2023"]
[SourceDate "2023.11.22"]
[SourceVersion "1"]
[SourceVersionDate "2023.11.22"]
[SourceQuality "1"]

1. d4 d5 2. c4 c6 3. Nc3 Nf6 4. e3 e6 5. Nf3 Nbd7 6. Qc2 Bd6 7. b3 0-0 8. Be2 Re8 9. 0-0 b6 10. Bb2 Bb7 11. Rfd1 Qe7 12. g3 Rac8 13. Rac1 h6 14. Qb1 a6 15. a4 a5 16. cxd5 exd5 17. Nh4 Bb4 18. Bf3 g6 19. Bg2 Rcd8 20. Nf3 Qe6 21. Qc2 Bf8 22. Ne2 Qe4 23. Nf4 Qxc2 24. Rxc2 Ne4 25. Bf1 g5 26. Nd3 f6 27. Bh3 Kg7 28. Nd2 Nd6 29. Rdc1 Nb8 30. Ba3 Kg6 31. Bf1 Rc8 32. Bh3 Rcd8 33. Bg2 Rc8 34. h4 Na6 35. Bf3 Ne4 36. Bxf8 Nxd2 37. Rxd2 Rxf8 38. e4 Rcd8 39. Re2 Kg7 40. exd5 cxd5 41. Re6 Rf7 42. Rxb6 Re7 43. Rb5 Nb8 44. Rbc5 Ba6 45. Rc7 Kf8 46. Rxe7 Kxe7 47. Nc5 Bc8 48. hxg5 hxg5 49. Be2 Nc6 50. Rd1 Kd6 51. Na6 Re8 52. Bb5 Bxa6 53. Bxa6 Re4 54. Kf1 Rxd4 55. Rc1 Rb4 56. Rc3 Nd4 57. Rc8 Nxb3 58. Rd8+ Ke6 59. Bc8+ Ke5 60. Bd7 Nd4 61. Ra8 Rb7 62. Bc8 Rc7 63. Kg2 f5 64. Ba6 g4 65. Bd3 Rc3 66. Bf1 Rc5 67. Bd3 Rc1 68. Rxa5 Nf3 69. Bf1 Ne1+ 70. Kh2 Rc7 71. Kg1 Nf3+ 72. Kg2 Rh7 73. Bc4 Rh2+ 74. Kf1 Nd2+ 75. Kg1 Nf3+ 76. Kf1 Kd4 77. Rxd5+ Kxc4 78. Rd1 Rh1+ 79. Ke2 Nd4+ 80. Kd2 Nb3+ 81. Ke2 Nc1+ 82. Kd2 Nb3+ 83. Ke2 Rh7 84. Rd8 Re7+ 85. Kd1 Ra7 86. Rc8+ Kd3 87. Rd8+ Nd4 88. Ke1 Rxa4 89. Kf1 Ra1+ 90. Kg2 Re1 91. Rd7 Kc4 92. Rc7+ Kd5 93. Rd7+ Ke5 94. Re7+ Ne6 95. Ra7 Rd1 96. Ra5+ Rd5 97. Ra8 Ng5 98. Re8+ Kf6 99. Kf1 Ne4 100. Ke1 Re5 0-1

[Event "Mersin op 7th"]
[Site "Mersin"]
[Date "2023.11.14"]
[Round "4"]
[White "Mamatov, Melis"]
[Black "Pshmahov, Osman"]
[Result "1/2-1/2"]
[WhiteElo "2370"]
[BlackElo "2185"]
[PlyCount "135"]
[EventDate "2023.11.12"]
[EventType "swiss"]
[EventRounds "9"]
[EventCountry "TUR"]
[SourceTitle "CB47_2023"]
[SourceDate "2023.11.22"]
[SourceVersion "1"]
[SourceVersionDate "2023.11.22"]
[SourceQuality "1"]

1. e4 d6 2. d4 g6 3. Nc3 Bg7 4. f4 c6 5. Nf3 b5 6. a3 Bg4 7. Be3 Qb6 8. Qd2 Bxf3 9. gxf3 Qb7 10. f5 Nd7 11. Rg1 Ngf6 12. Bd3 Rg8 13. f4 Nb6 14. e5 Nfd5 15. Nxd5 Nxd5 16. Be4 dxe5 17. fxe5 0-0-0 18. 0-0-0 Qd7 19. Rgf1 e6 20. fxe6 Qxe6 21. Kb1 f5 22. Bg2 Rd7 23. Rc1 Rb7 24. c4 bxc4 25. Rxc4 Kd7 26. Rfc1 Rc8 27. Rc5 Rbc7 28. Bh6 Bxh6 29. Qxh6 Qf7 30. Re1 Ke6 31. Qc1 Qd7 32. Re2 Nb6 33. Qg5 Qe7 34. Qh6 Rd8 35. Qe3 Qh4 36. Rd2 Nd5 37. Qb3 Qe1+ 38. Rd1 Qe2 39. Bf3 Qf2 40. Rc2 Qh4 41. Qa4 Ke7 42. Rxc6 Rb7 43. Bxd5 Rxd5 44. Qc4 Qe4+ 45. Ka1 Kf8 46. Rf6+ Rf7 47. Qc8+ Kg7 48. Rxf7+ Kxf7 49. Qb7+ Kg8 50. Qxa7 Rd8 51. Qe7 Ra8 52. e6 Qc2 53. Qf7+ Kh8 54. Qf6+ Kg8 55. Qf7+ Kh8 56. e7 Rxa3+ 57. bxa3 Qxd1+ 58. Kb2 Qxd4+ 59. Kb3 Qb6+ 60. Kc4 Qc6+ 61. Kd4 Qb6+ 62. Ke5 Qc5+ 63. Kf4 Qd4+ 64. Kg5 Qe3+ 65. Kf6 Qd4+ 66. Ke6 Qc4+ 67. Kf6 Qd4+ 68. Ke6 1/2-1/2

[Event "Abu Dhabi op 29th"]
[Site "Abu Dhabi"]
[Date "2023.08.23"]
[Round "8"]
[White "Mamatov, Melis"]
[Black "Pranav, Anand"]
[Result "0-1"]
[WhiteElo "2368"]
[BlackElo "2529"]
[PlyCount "104"]
[EventDate "2023.08.16"]
[EventType "swiss"]
[EventRounds "9"]
[EventCountry "UAE"]
[SourceTitle "EXT 2024"]
[Source "ChessBase"]
[SourceDate "2023.10.10"]
[SourceVersion "1"]
[SourceVersionDate "2023.10.10"]
[SourceQuality "1"]

1. e4 e5 2. Nf3 Nc6 3. Bc4 Nf6 4. d3 h6 5. 0-0 d6 6. a4 g5 7. a5 Bg7 8. a6 b6 9. Nc3 0-0 10. d4 Bd7 11. dxe5 dxe5 12. b3 Re8 13. Re1 g4 14. Nd2 Nd4 15. Nf1 Nh5 16. Nd5 b5 17. Bd3 c6 18. Nde3 Nf4 19. Ng3 h5 20. Bf1 b4 21. Nef5 Bxf5 22. Nxf5 Nxf5 23. Qxd8 Raxd8 24. exf5 Nd5 25. Ra5 e4 26. Rc5 Bd4 27. Rc4 c5 28. Be3 Bxe3 29. fxe3 Rc8 30. Rd1 Nb6 31. Rd6 Re5 32. Be2 Kg7 33. f6+ Kg6 34. Kf2 Kf5 35. h3 Re6 36. hxg4+ hxg4 37. Rd1 Rxf6 38. Kg3 Ke5 39. Rh1 Rd6 40. Rh5+ f5 41. Bxg4 Rf6 42. Be2 Rc7 43. Kf2 Nxc4 44. Bxc4 Rg7 45. Rh8 Rd6 46. Rc8 Rd2+ 47. Ke1 Rxc2 48. Rc6 Re7 49. Rxc5+ Kf6 50. Rb5 Rh7 51. Be2 Rh1+ 52. Kf2 Ra1 0-1

[Event "Abu Dhabi op 29th"]
[Site "Abu Dhabi"]
[Date "2023.08.22"]
[Round "7"]
[White "Priyanka, Nutakki"]
[Black "Mamatov, Melis"]
[Result "1/2-1/2"]
[WhiteElo "2283"]
[BlackElo "2368"]
[PlyCount "120"]
[EventDate "2023.08.16"]
[EventType "swiss"]
[EventRounds "9"]
[EventCountry "UAE"]
[SourceTitle "EXT 2024"]
[Source "ChessBase"]
[SourceDate "2023.10.10"]
[SourceVersion "1"]
[SourceVersionDate "2023.10.10"]
[SourceQuality "1"]

1. d4 d5 2. c4 c6 3. Nf3 Nf6 4. Nc3 g6 5. e3 Bg7 6. Be2 0-0 7. 0-0 Bf5 8. cxd5 Nxd5 9. Qb3 Nxc3 10. bxc3 Qb6 11. Qa3 Qc7 12. Nd2 e5 13. Bb2 Nd7 14. e4 Be6 15. Nc4 b5 16. Ne3 Nb6 17. Qa5 Rfc8 18. Rad1 Na4 19. Qxc7 Rxc7 20. Ba1 Bxa2 21. d5 cxd5 22. Bxb5 Nxc3 23. Bxc3 Rxc3 24. exd5 e4 25. d6 Rc5 26. Ba4 Rd8 27. d7 Be6 28. Rc1 Bd4 29. Rxc5 Bxc5 30. Rc1 Bb6 31. Nc4 Bc7 32. Ne3 Bf4 33. g3 Bg5 34. Rc7 Bxe3 35. fxe3 a6 36. Ra7 Kf8 37. Bc6 Bc4 38. Bxe4 Bb5 39. Bb7 Rxd7 40. Ra8+ Kg7 41. Bxa6 Rd1+ 42. Kf2 Rd2+ 43. Kg1 Bc6 44. Rc8 Rg2+ 45. Kf1 Bd5 46. Rc5 Bf3 47. Rc7 Bd5 48. Rc5 Bf3 49. Rc7 Rxh2 50. Bc4 Bg4 51. Rxf7+ Kh6 52. Bd5 Rd2 53. Bf3 Bf5 54. Ra7 Bd7 55. Ke1 Rd6 56. Kf2 Kg5 57. Ra5+ Kf6 58. Rd5 Rxd5 59. Bxd5 Ke5 60. Bb7 Be6 1/2-1/2

[Event "Abu Dhabi op 29th"]
[Site "Abu Dhabi"]
[Date "2023.08.21"]
[Round "6"]
[White "Mamatov, Melis"]
[Black "Ebrahimi Herab, Hamidreza"]
[Result "1/2-1/2"]
[WhiteElo "2368"]
[BlackElo "2302"]
[PlyCount "159"]
[EventDate "2023.08.16"]
[EventType "swiss"]
[EventRounds "9"]
[EventCountry "UAE"]
[SourceTitle "EXT 2024"]
[Source "ChessBase"]
[SourceDate "2023.10.10"]
[SourceVersion "1"]
[SourceVersionDate "2023.10.10"]
[SourceQuality "1"]

1. e4 c5 2. Nf3 d6 3. d4 cxd4 4. Nxd4 Nf6 5. Nc3 a6 6. Be3 e5 7. Nb3 Be6 8. h3 Nc6 9. f4 Rc8 10. f5 Bxb3 11. axb3 d5 12. exd5 Nb4 13. Bc4 b5 14. Bd3 e4 15. Be2 Bd6 16. 0-0 Nbxd5 17. Bd4 Bb8 18. Bxf6 Nxf6 19. Qxd8+ Rxd8 20. Rxa6 b4 21. Bb5+ Kf8 22. Na2 Bd6 23. Rc6 Ke7 24. g4 Rb8 25. Bc4 Ra8 26. Nc1 Rhc8 27. Rxc8 Rxc8 28. Re1 Bg3 29. Re2 Bh4 30. Nd3 Kd6 31. Nxb4 h5 32. Bxf7 hxg4 33. hxg4 Ke5 34. Nd3+ Kd4 35. Nf4 e3 36. Kg2 Ke4 37. Nd3 Nxg4 38. Kh3 Kf3 39. Bh5 Kxe2 40. Bxg4+ Kd2 41. Kxh4 e2 42. Kg5 Rxc2 43. Ne5 Ke3 44. Nc4+ Ke4 45. Bxe2 Rxe2 46. Kg6 Rg2+ 47. Kf7 Rg3 48. Ke6 Kf4 49. b4 Rb3 50. Nb6 Re3+ 51. Kf7 Kxf5 52. Kxg7 Re7+ 53. Kf8 Ke6 54. Na4 Rf7+ 55. Ke8 Rf4 56. Nc5+ Kd6 57. Nb7+ Kc6 58. Nd8+ Kb5 59. Ke7 Rxb4 60. Ne6 Rxb2 61. Kd6 Kc4 62. Ke5 Re2+ 63. Kf5 Re1 64. Nf4 Re3 65. Ng2 Rf3+ 66. Ke4 Rf8 67. Nf4 Re8+ 68. Kf5 Kd4 69. Ne6+ Ke3 70. Ke5 Ra8 71. Nc5 Ra5 72. Kd5 Kf4 73. Kd4 Ra8 74. Nd3+ Kf5 75. Nc5 Rd8+ 76. Kc4 Ke5 77. Nd3+ Ke4 78. Nc5+ Ke3 79. Ne6 Rd7 80. Nc5 1/2-1/2

[Event "Abu Dhabi op 29th"]
[Site "Abu Dhabi"]
[Date "2023.08.20"]
[Round "5"]
[White "Mamatov, Melis"]
[Black "Davtyan, Artur"]
[Result "1/2-1/2"]
[WhiteElo "2368"]
[BlackElo "2497"]
[PlyCount "143"]
[EventDate "2023.08.16"]
[EventType "swiss"]
[EventRounds "9"]
[EventCountry "UAE"]
[SourceTitle "EXT 2024"]
[Source "ChessBase"]
[SourceDate "2023.10.10"]
[SourceVersion "1"]
[SourceVersionDate "2023.10.10"]
[SourceQuality "1"]

1. e4 c5 2. Nf3 d6 3. d4 cxd4 4. Nxd4 Nf6 5. Nc3 a6 6. Be3 e5 7. Nb3 Be6 8. h3 h5 9. f4 b5 10. f5 Bc8 11. Qf3 Bb7 12. 0-0-0 Nbd7 13. Kb1 Rc8 14. Nd5 Bxd5 15. exd5 Nb6 16. Bxb6 Qxb6 17. g3 Be7 18. Rh2 h4 19. g4 Nh7 20. Nd2 Ng5 21. Qf2 Qxf2 22. Rxf2 0-0 23. Bg2 b4 24. Ne4 Nxe4 25. Bxe4 Bg5 26. Re2 a5 27. Rd3 Rc4 28. a4 Rfc8 29. Rd1 Kh7 30. b3 Rc3 31. Rd3 Kg8 32. Rxc3 Rxc3 33. Bd3 Kf8 34. Kb2 Ke7 35. Re4 Kd8 36. Rc4 Rxc4 37. bxc4 Kc7 38. c5 dxc5 39. Kb3 e4 40. Bxe4 Kd6 41. Kc4 Ke5 42. Bg2 Kf4 43. Kxc5 Kg3 44. Bf1 Kf2 45. Bc4 Kg2 46. Kb5 Bd8 47. g5 Kxh3 48. f6 gxf6 49. gxf6 Kg4 50. d6 Kf5 51. Bxf7 Kxf6 52. Bd5 Ke5 53. Kc6 h3 54. Bh1 Kd4 55. Kd7 Bh4 56. Kc7 Kc3 57. Be4 h2 58. d7 Kd4 59. Bh1 Kc3 60. Be4 h1Q 61. Bxh1 Kxc2 62. d8Q Bxd8+ 63. Kxd8 b3 64. Be4+ Kc3 65. Kc7 Kd4 66. Bg6 Kc5 67. Bf5 Kb4 68. Kb6 Kxa4 69. Kc5 Ka3 70. Kc4 a4 71. Kc3 b2 72. Bb1 1/2-1/2

[Event "Abu Dhabi op 29th"]
[Site "Abu Dhabi"]
[Date "2023.08.19"]
[Round "4"]
[White "Harshavardhan, GB."]
[Black "Mamatov, Melis"]
[Result "0-1"]
[WhiteElo "2413"]
[BlackElo "2368"]
[PlyCount "96"]
[EventDate "2023.08.16"]
[EventType "swiss"]
[EventRounds "9"]
[EventCountry "UAE"]
[SourceTitle "EXT 2024"]
[Source "ChessBase"]
[SourceDate "2023.10.10"]
[SourceVersion "1"]
[SourceVersionDate "2023.10.10"]
[SourceQuality "1"]

1. d4 d5 2. c4 c6 3. Nf3 Nf6 4. Nc3 dxc4 5. a4 Bf5 6. Ne5 Nbd7 7. Nxc4 Qc7 8. g3 e5 9. dxe5 Nxe5 10. Bf4 Nfd7 11. Bg2 g5 12. Nxe5 gxf4 13. Nxd7 0-0-0 14. Qd4 Qxd7 15. Qxf4 Bd6 16. Qc1 a5 17. 0-0 Kb8 18. Qh6 Qe6 19. Qxe6 Bxe6 20. Be4 h5 21. Rfd1 h4 22. Rd2 hxg3 23. hxg3 Bb4 24. Rad1 Rxd2 25. Rxd2 Kc7 26. Rc2 Kb6 27. Rc1 Rd8 28. Bd3 Rd4 29. Bc2 Rd2 30. e3 Bxc3 31. bxc3 Kc5 32. f4 b5 33. f5 Rxc2 34. Rxc2 Bxf5 35. Rh2 Kc4 36. e4 Bxe4 37. Rh4 Kd3 38. axb5 cxb5 39. Rh5 f5 40. g4 a4 41. gxf5 a3 42. Rh3+ Kc2 43. f6 Bg6 44. c4 b4 45. c5 b3 46. c6 a2 47. c7 a1Q+ 48. Kh2 Qe5+ 0-1

[Event "Belgrade Serbia op"]
[Site "Belgrade"]
[Date "2023.07.17"]
[Round "2"]
[White "Li, Xueyi"]
[Black "Mamatov, Melis"]
[Result "0-1"]
[WhiteElo "2248"]
[BlackElo "2403"]
[PlyCount "132"]
[EventDate "2023.07.16"]
[EventType "swiss"]
[EventRounds "9"]
[EventCountry "SRB"]
[SourceTitle "CBM 215 Extra"]
[Source "ChessBase"]
[SourceDate "2023.09.30"]
[SourceVersion "1"]
[SourceVersionDate "2023.09.30"]
[SourceQuality "1"]

1. d4 d5 2. c4 c6 3. Nf3 Nf6 4. g3 Bf5 5. Nc3 e6 6. Nh4 Bg4 7. h3 Bh5 8. Bg2 Bd6 9. cxd5 cxd5 10. 0-0 Nc6 11. Qd3 Rc8 12. Bg5 Be7 13. g4 Bg6 14. Nxg6 hxg6 15. Rfd1 0-0 16. Rac1 Qb6 17. Qb5 Qxb5 18. Nxb5 a6 19. Nc3 b5 20. e4 Nxe4 21. Nxe4 dxe4 22. Bxe4 Bxg5 23. Rxc6 Rxc6 24. Bxc6 Rd8 25. Bf3 Rd6 26. d5 e5 27. Be4 Kf8 28. Rd3 Bc1 29. b3 b4 30. Kf1 Ke7 31. Rd1 Bb2 32. Ke2 Rb6 33. d6+ Kd7 34. Rd5 Rxd6 35. h4 Ke7 36. Rxd6 Kxd6 37. Bd3 a5 38. Bc4 Ke7 39. Bd3 Bd4 40. f3 Bb6 41. Bc4 f5 42. Bd3 e4 43. Bc2 Kf6 44. gxf5 exf3+ 45. Kxf3 gxf5 46. h5 Ke5 47. Bd3 Bd8 48. Bb5 Bg5 49. Bd7 Bh6 50. Bc8 f4 51. Bd7 Kd4 52. Be8 Kc3 53. Ba4 Kb2 54. Ke4 Kxa2 55. Kf3 Kb2 56. Ke4 Kc2 57. Kf3 Kd3 58. Bb5+ Kd4 59. Bc6 Ke5 60. Bd7 Bg5 61. Kg4 Ke4 62. Bc6+ Ke3 63. Bd5 Bd8 64. Bc6 Bc7 65. Bb7 a4 66. bxa4 b3 0-1

[Event "Belgrade Serbia op"]
[Site "Belgrade"]
[Date "2023.07.16"]
[Round "1"]
[White "Mamatov, Melis"]
[Black "Antova, Gabriela"]
[Result "1-0"]
[WhiteElo "2403"]
[BlackElo "2240"]
[PlyCount "75"]
[EventDate "2023.07.16"]
[EventType "swiss"]
[EventRounds "9"]
[EventCountry "SRB"]
[SourceTitle "CBM 215 Extra"]
[Source "ChessBase"]
[SourceDate "2023.09.30"]
[SourceVersion "1"]
[SourceVersionDate "2023.09.30"]
[SourceQuality "1"]

1. e4 e5 2. Nf3 Nc6 3. Bc4 Nf6 4. d3 h6 5. c3 d6 6. 0-0 g5 7. Bb3 Bg7 8. Nbd2 0-0 9. Nc4 a5 10. Ne3 Ne7 11. Bc2 Re8 12. d4 Ng6 13. dxe5 dxe5 14. Nf5 Qxd1 15. Rxd1 Bxf5 16. exf5 Nf4 17. Kf1 e4 18. Nd4 Bf8 19. Be3 Re5 20. h3 c5 21. Nb5 Ra6 22. g3 Nxh3 23. Kg2 g4 24. Rd8 Rxf5 25. Rad1 Kg7 26. Nc7 Rb6 27. b3 Be7 28. Ne8+ Nxe8 29. Rxe8 Re6 30. Rd7 Rfe5 31. Rxb7 Bg5 32. Rxe6 Rxe6 33. Bxc5 e3 34. Bd4+ Kf8 35. fxe3 Bxe3 36. Bf5 Re8 37. Bd7 Re4 38. Rb8+ 1-0

[Event "Paracin op 16th"]
[Site "Paracin"]
[Date "2023.07.13"]
[Round "7"]
[White "Bryakin, Mikhail"]
[Black "Mamatov, Melis"]
[Result "1-0"]
[WhiteElo "2454"]
[BlackElo "2403"]
[PlyCount "109"]
[EventDate "2023.07.07"]
[EventType "swiss"]
[EventRounds "9"]
[EventCountry "SRB"]
[SourceTitle "EXT 2024"]
[Source "ChessBase"]
[SourceDate "2023.10.10"]
[SourceVersion "1"]
[SourceVersionDate "2023.10.10"]
[SourceQuality "1"]

1. d4 d5 2. c4 c6 3. Nf3 Nf6 4. Nbd2 g6 5. e3 Bg7 6. b3 0-0 7. Bb2 Nbd7 8. Bd3 c5 9. 0-0 b6 10. Qe2 cxd4 11. exd4 Nh5 12. Qe3 Bb7 13. Rad1 Rc8 14. Rfe1 Re8 15. Ne5 e6 16. Ndf3 Nhf6 17. Ng5 Nxe5 18. dxe5 Nd7 19. Qf4 Qe7 20. cxd5 Bxd5 21. Bb5 Red8 22. Rxd5 exd5 23. e6 f6 24. Nf7 Nc5 25. Nxd8 Rxd8 26. h4 Ne4 27. a4 f5 28. Bxg7 Kxg7 29. f3 Nf6 30. Qe5 h5 31. g4 hxg4 32. fxg4 fxg4 33. Rf1 Rh8 34. Rc1 Rh5 35. Qb8 Rh8 36. Rc7 Rxb8 37. Rxe7+ Kh6 38. Rf7 Ne4 39. e7 Nd6 40. Rf6 Rb7 41. Rxd6 Rxe7 42. Rxd5 Re3 43. Bc4 Rh3 44. Kg2 Rxh4 45. Rd7 a5 46. Rd6 Kg5 47. Rxb6 Rh3 48. Bf7 Rd3 49. Rxg6+ Kf5 50. Rc6 Rd2+ 51. Kg3 Rd3+ 52. Kf2 g3+ 53. Kg2 Ke5 54. Rc5+ Kf4 55. Rc4+ 1-0

[Event "Paracin op 16th"]
[Site "Paracin"]
[Date "2023.07.11"]
[Round "5"]
[White "Stoyanov, Viktor"]
[Black "Mamatov, Melis"]
[Result "0-1"]
[WhiteElo "2258"]
[BlackElo "2403"]
[PlyCount "130"]
[EventDate "2023.07.07"]
[EventType "swiss"]
[EventRounds "9"]
[EventCountry "SRB"]
[SourceTitle "EXT 2024"]
[Source "ChessBase"]
[SourceDate "2023.10.10"]
[SourceVersion "1"]
[SourceVersionDate "2023.10.10"]
[SourceQuality "1"]

1. d4 d5 2. c4 c6 3. Nf3 Nf6 4. Qc2 g6 5. Bf4 Bg7 6. e3 0-0 7. Nc3 c5 8. dxc5 Na6 9. Rd1 Bf5 10. Qc1 Qa5 11. Nd4 Ne4 12. cxd5 Nb4 13. Bc4 Nxc3 14. Qxc3 Qxc5 15. 0-0 Nxd5 16. Bxd5 Qxd5 17. Nxf5 Qxf5 18. Qb3 b6 19. Qb4 Qe6 20. b3 Rfc8 21. Rc1 a5 22. Qb5 Bb2 23. Rc7 Ba3 24. h3 Bc5 25. Rxc8+ Rxc8 26. Rd1 Kg7 27. Bg3 h6 28. Qd3 f6 29. Rc1 h5 30. h4 Bb4 31. Rxc8 Qxc8 32. Kh2 Qc6 33. a4 Kf7 34. Qd8 Bd6 35. Qh8 Bxg3+ 36. Kxg3 Qd6+ 37. Kh3 Qe6+ 38. Kh2 Qf5 39. Kg1 Qb1+ 40. Kh2 Qe4 41. g3 Qc2 42. Kg1 Qd1+ 43. Kh2 Qf1 44. Qh7+ Ke6 45. Qg8+ Kd7 46. Qd5+ Kc7 47. Qf3 Qd3 48. Qf4+ Kd7 49. e4 Qxb3 50. e5 fxe5 51. Qxe5 Qxa4 52. Qd5+ Kc7 53. Qe5+ Kd7 54. Qd5+ Kc7 55. Qe5+ Kb7 56. Qxe7+ Ka6 57. Qe2+ Qb5 58. Qe4 Qf5 59. Qa8+ Kb5 60. Qe8+ Kb4 61. Qe1+ Kc5 62. Qc3+ Kd6 63. f3 Qe6 64. Qd4+ Kc6 65. g4 Qd6+ 0-1

[Event "Paracin op 16th"]
[Site "Paracin"]
[Date "2023.07.08"]
[Round "3"]
[White "Pogorelskikh, Sofia"]
[Black "Mamatov, Melis"]
[Result "0-1"]
[WhiteElo "2211"]
[BlackElo "2403"]
[PlyCount "88"]
[EventDate "2023.07.07"]
[EventType "swiss"]
[EventRounds "9"]
[EventCountry "SRB"]
[SourceTitle "EXT 2024"]
[Source "ChessBase"]
[SourceDate "2023.10.10"]
[SourceVersion "1"]
[SourceVersionDate "2023.10.10"]
[SourceQuality "1"]

1. e4 e5 2. Nf3 Nc6 3. Bb5 a6 4. Ba4 Nge7 5. c3 d6 6. d4 Bd7 7. 0-0 Ng6 8. Be3 Be7 9. Nbd2 0-0 10. Re1 Qe8 11. Bb3 Kh8 12. Nf1 f5 13. exf5 Bxf5 14. Ng5 Bxg5 15. Bxg5 Na5 16. Bd5 c6 17. Bf3 Nc4 18. Qe2 Nb6 19. Ng3 Nd7 20. h4 Be6 21. Bh5 Bd5 22. c4 Bg8 23. Ne4 exd4 24. Nxd6 Qxe2 25. Rxe2 b5 26. Rd1 c5 27. b3 bxc4 28. bxc4 Nf4 29. Bxf4 Rxf4 30. Re7 Nb6 31. g3 Rff8 32. Nf7+ Bxf7 33. Bxf7 Rad8 34. Rd3 Rd6 35. Be6 Na4 36. Kg2 Nc3 37. a3 g6 38. g4 Ne2 39. Kf1 Nf4 40. Rf3 d3 41. g5 d2 42. Rxf4 d1Q+ 43. Kg2 Rdd8 44. Rd7 Rxf4 0-1

[Event "Dubai op-A 23rd"]
[Site "Dubai"]
[Date "2023.06.04"]
[Round "9"]
[White "Mamatov, Melis"]
[Black "Hesham, Abdelrahman"]
[Result "1/2-1/2"]
[WhiteElo "2399"]
[BlackElo "2409"]
[PlyCount "123"]
[EventDate "2023.05.27"]
[EventType "swiss"]
[EventRounds "9"]
[EventCountry "UAE"]
[SourceTitle "CBM 214 Extra"]
[Source "ChessBase"]
[SourceDate "2023.07.31"]
[SourceVersion "1"]
[SourceVersionDate "2023.07.31"]
[SourceQuality "1"]

1. e4 e5 2. Nf3 Nc6 3. Bc4 Bc5 4. d3 Nf6 5. c3 d6 6. 0-0 a6 7. Bb3 Ba7 8. Nbd2 0-0 9. Re1 Ng4 10. Re2 Kh8 11. h3 Nh6 12. Nf1 f5 13. Bg5 Qe8 14. d4 fxe4 15. Rxe4 Qg6 16. Ng3 Nf5 17. Rg4 Qe8 18. Bc2 exd4 19. cxd4 Nxg3 20. Rxg3 Bf5 21. Be3 Ne7 22. Bb3 h6 23. Qc1 Bh7 24. Qxc7 Be4 25. Nd2 Rc8 26. Qa5 Rf5 27. Qa3 Bd5 28. Re1 Qf8 29. Bxd5 Nxd5 30. Rf3 Re8 31. Qd3 Nf4 32. Qb1 Rc8 33. Bxf4 Rxf4 34. Qd3 Bxd4 35. b3 Be5 36. Rxf4 Qxf4 37. Nf3 Rc1 38. Kf1 Rxe1+ 39. Nxe1 Qb4 40. Nc2 Qc5 41. Qc4 b5 42. Qxc5 dxc5 43. Ke2 Kg8 44. Kd3 Kf7 45. a4 Bd6 46. axb5 axb5 47. Ke4 Ke6 48. Na3 b4 49. Nc4 g5 50. g4 Bc7 51. Ne3 Be5 52. Nf5 h5 53. f3 hxg4 54. fxg4 Bf6 55. Kd3 Kd5 56. Ne3+ Ke5 57. Kc4 Ke4 58. Nf5 Kf3 59. Kxc5 Kg2 60. Kxb4 Kxh3 61. Nh6 Bg7 62. Nf7 1/2-1/2

[Event "Dubai op-A 23rd"]
[Site "Dubai"]
[Date "2023.06.03"]
[Round "8"]
[White "Gharibyan, Mamikon"]
[Black "Mamatov, Melis"]
[Result "1/2-1/2"]
[WhiteElo "2500"]
[BlackElo "2399"]
[PlyCount "54"]
[EventDate "2023.05.27"]
[EventType "swiss"]
[EventRounds "9"]
[EventCountry "UAE"]
[SourceTitle "CBM 214 Extra"]
[Source "ChessBase"]
[SourceDate "2023.07.31"]
[SourceVersion "1"]
[SourceVersionDate "2023.07.31"]
[SourceQuality "1"]

1. d4 d5 2. Nf3 Nf6 3. Bf4 c5 4. e3 Nc6 5. Nbd2 Qb6 6. dxc5 Qxc5 7. a3 g6 8. b4 Qb6 9. c4 Bg7 10. Rc1 0-0 11. Be2 Qd8 12. 0-0 dxc4 13. Nxc4 Nd5 14. Bg3 Nc3 15. Qe1 Nxe2+ 16. Qxe2 Qd5 17. Rfd1 Qb5 18. Qe1 Bg4 19. Na5 Nxa5 20. Rc5 Qa4 21. Rxa5 Qb3 22. Rb1 Qa2 23. Nd4 b6 24. Ra1 Qb2 25. Rb1 Qa2 26. Ra1 Qb2 27. Rb1 Qa2 1/2-1/2

[Event "Dubai op-A 23rd"]
[Site "Dubai"]
[Date "2023.05.31"]
[Round "5"]
[White "Mamatov, Melis"]
[Black "Chernobay, Artem"]
[Result "1-0"]
[WhiteElo "2399"]
[BlackElo "2484"]
[PlyCount "149"]
[EventDate "2023.05.27"]
[EventType "swiss"]
[EventRounds "9"]
[EventCountry "UAE"]
[SourceTitle "CBM 214 Extra"]
[Source "ChessBase"]
[SourceDate "2023.07.31"]
[SourceVersion "1"]
[SourceVersionDate "2023.07.31"]
[SourceQuality "1"]

1. e4 e6 2. d4 d5 3. Nc3 Bb4 4. a3 Bxc3+ 5. bxc3 dxe4 6. Qg4 Nf6 7. Qxg7 Rg8 8. Qh6 Rg6 9. Qe3 c5 10. Ne2 Bd7 11. Nf4 Rg8 12. Bb2 cxd4 13. cxd4 Qa5+ 14. Bc3 Qc7 15. Be2 Bc6 16. Bb2 Qa5+ 17. Bc3 Qf5 18. h3 h5 19. 0-0-0 Nbd7 20. g4 hxg4 21. hxg4 Qg5 22. d5 exd5 23. Nh5 Nh7 24. f4 Qg6 25. g5 0-0-0 26. Ng3 Nxg5 27. fxg5 Qxg5 28. Qxg5 Rxg5 29. Nh5 Rdg8 30. Rhf1 Rg2 31. Nf4 R2g3 32. Bb2 Nb6 33. Rf2 a6 34. Nh5 Rg2 35. Rxg2 Rg6 36. Rg3 Rxg3 37. Nf4 Rg8 38. Bd4 Nc4 39. Bxc4 dxc4 40. Bb6 c3 41. Nd5 Rf8 42. Ne7+ Kb8 43. Rd4 Rh8 44. Kd1 Bb5 45. Rxe4 Rh6 46. Ba5 Rd6+ 47. Kc1 b6 48. Bxc3 Kb7 49. Rf4 Rd7 50. Rxf7 Bc4 51. Rg7 Be6 52. Kb2 a5 53. Bf6 Ka6 54. Rg2 Rc7 55. Rd2 Rd7 56. Re2 Bc4 57. Re4 Bf7 58. Bc3 Rc7 59. Re5 Rd7 60. Nc6 Rc7 61. Nd4 Bc4 62. Bd2 Rd7 63. Be3 Rd6 64. Kc3 Bf1 65. Rf5 Bh3 66. Rf7 Bd7 67. Bf4 Rd5 68. Rf6 Ba4 69. Be3 Rd8 70. Kd3 Rc8 71. c4 Kb7 72. Nb5 Rc6 73. Rf7+ Ka8 74. Ra7+ Kb8 75. Bf4+ 1-0

[Event "Dubai op-A 23rd"]
[Site "Dubai"]
[Date "2023.05.30"]
[Round "4"]
[White "Raja, Rithvik R"]
[Black "Mamatov, Melis"]
[Result "1/2-1/2"]
[WhiteElo "2476"]
[BlackElo "2399"]
[PlyCount "59"]
[EventDate "2023.05.27"]
[EventType "swiss"]
[EventRounds "9"]
[EventCountry "UAE"]
[SourceTitle "CBM 214 Extra"]
[Source "ChessBase"]
[SourceDate "2023.07.31"]
[SourceVersion "1"]
[SourceVersionDate "2023.07.31"]
[SourceQuality "1"]

1. d4 d5 2. c4 c6 3. Nf3 Nf6 4. e3 Bg4 5. Qb3 Qb6 6. Ne5 Bh5 7. cxd5 Qxb3 8. axb3 Nxd5 9. Be2 Bxe2 10. Kxe2 Nd7 11. Nd3 e6 12. Bd2 c5 13. dxc5 Nxc5 14. Nxc5 Bxc5 15. Rc1 Bb6 16. Na3 0-0 17. Nc4 Bc7 18. Na5 Bxa5 19. Rxa5 f5 20. b4 Rf7 21. f3 b6 22. Raa1 Rd7 23. Rc6 Kf7 24. e4 Ne7 25. Rc3 Rc8 26. Rac1 Rxc3 27. bxc3 e5 28. exf5 Nxf5 29. Be3 Ke6 30. g4 1/2-1/2

[Event "Wch Blitz"]
[Site "Almaty"]
[Date "2022.12.30"]
[Round "13"]
[White "Uruci, Endrit"]
[Black "Mamatov, Melis"]
[Result "1-0"]
[WhiteElo "2379"]
[BlackElo "2299"]
[PlyCount "101"]
[EventDate "2022.12.29"]
[EventType "swiss (blitz)"]
[EventRounds "21"]
[EventCountry "KAZ"]
[SourceTitle "CBM 212"]
[Source "ChessBase"]
[SourceDate "2023.02.28"]
[SourceVersion "1"]
[SourceVersionDate "2023.02.28"]
[SourceQuality "1"]

1. e4 c5 2. Nf3 d6 3. Bb5+ Nd7 4. d4 cxd4 5. Qxd4 a6 6. Bxd7+ Bxd7 7. Nc3 Nf6 8. Bg5 h6 9. Bh4 g5 10. Bg3 Bg7 11. 0-0-0 0-0 12. e5 dxe5 13. Bxe5 Bc6 14. Qc5 Qc8 15. Qxe7 Re8 16. Qd6 Qf5 17. Rhe1 Rad8 18. Qxd8 Rxd8 19. Rxd8+ Kh7 20. Bg3 Bxf3 21. gxf3 Qxf3 22. Rd3 Qf5 23. Kb1 Nh5 24. Ne4 Nxg3 25. fxg3 a5 26. a3 b5 27. Rde3 b4 28. axb4 axb4 29. Nd6 Qf6 30. Nc4 Qd4 31. Re4 Qd5 32. h4 Bf6 33. h5 Bg7 34. g4 b3 35. cxb3 Qd3+ 36. Ka2 Qd5 37. Re7 Qf3 38. Ra7 Qxg4 39. Rxf7 Kg8 40. Ree7 Bf8 41. Ra7 Qxh5 42. Rfd7 Qe2 43. Rd8 h5 44. Raa8 Qf3 45. Ne5 Qf4 46. Ng6 Qb4 47. Nxf8 Kf7 48. Nd7 Ke6 49. Nf8+ Kf5 50. Rdb8 Qe1 51. Rb5+ 1-0